Google Maps Cities - Belgium - Statistics

General Stats
  • This quiz has been taken 68 times
    57 since last reset
  • The average score is 13 of 22
Answer Stats
City % Correct
Brussels
98%
Antwerp
94%
Bruges
90%
Ghent
88%
Liege
88%
Charleroi
84%
Namur
82%
Mons
73%
Ostend
73%
Leuven
69%
Hasselt
67%
Genk
63%
Mechelen
55%
Kortrijk
53%
Arlon
47%
Dinant
33%
Bastogne
31%
Blankenberge
24%
Turnhout
24%
De Panne
20%
Bouillon
18%
Durbuy
16%
No matching quizzes found
Score Distribution
Percent of People with Each Score
Percentile by Number Answered
Your Score History
You have not taken this quiz since the last reset